Business and society
| Main Author: | |
|---|---|
| Format: | Book |
| Published: |
London :
Routledge ,
1993
|
| Subjects: |
MARC
| LEADER | 00000cam a2200000 7i4500 | ||
|---|---|---|---|
| 001 | 0000001476 | ||
| 002 | 000001622 | ||
| 005 | 20000330.0 | ||
| 020 | |a 0415068509 | ||
| 090 | 0 | 0 | |a 650 |b MAR |
| 100 | 1 | |a Marshall, Edmund | |
| 245 | 1 | 0 | |a Business and society |c Edmunnd Marshall |
| 260 | |a London : |b Routledge , |c 1993 | ||
| 300 | |a 124p. ; |c 23cm. | ||
| 650 | 0 | 0 | |a Social responsibility of business |
| 999 | |a 034023 |b BUKU |c PINJAMAN |e PERPUSTAKAAN KOMUNITI PETALING JAYA | ||